Top 10 MLB Teams by Cumulative Home Attendance, 2001 - 2020 - Statistics

General Stats
  • This quiz has been taken 60 times
    50 since last reset
  • The average score is 10 of 10
Answer Stats
Attendance Team Division % Correct
67.9 million Los Angeles Dodgers NL West
100%
68.4 million New York Yankees AL East
100%
58.2 million Los Angeles Angels AL West
98%
51.1 million New York Mets NL East
98%
51.4 million Philadelphia Phillies NL East
98%
55.2 million Boston Red Sox AL East
95%
57.4 million Chicago Cubs NL Central
95%
60.8 million San Francisco Giants NL West
95%
63.2 million St. Louis Cardinals NL Central
95%
50.2 million Colorado Rockies NL West
93%
No matching quizzes found
Score Distribution
Percent of People with Each Score
Percentile by Number Answered
Your Score History
You have not taken this quiz since the last reset